| 000 | 00383nam a2200133 4500 | ||
|---|---|---|---|
| 005 | 20260212112145.0 | ||
| 008 | 260212b |||||||| |||| 00| 0 eng d | ||
| 020 | _a9789785897968 | ||
| 100 | _aAdegboro Boaz | ||
| 245 |
_aMicrobiology: International Edition _c/Boaz Adegboro |
||
| 260 |
_aNigeria; _bMalthouse Press Limited; _c2021 |
||
| 300 |
_axiv, 655p, ill; _c29cm |
||
| 942 |
_2lcc _n0 _cBK |
||
| 999 |
_c154 _d154 |
||